| 000 | 01250cam3a220032500 4500 | ||
|---|---|---|---|
| 001 | qce02071681 | ||
| 005 | 20190813180141.0 | ||
| 008 | 840128s1948 mdua b 001 0 eng | ||
| 010 | _a 48009733 | ||
| 035 | _a(Sirsi) r24852 | ||
| 035 | _a(QCAT)lss03996341 | ||
| 035 | _a(UPRA)qce02071681 | ||
| 040 | _dUPRA | ||
| 050 | 0 |
_aRD684 _b.A55 |
|
| 082 | _a616.71 | ||
| 100 | 1 |
_aAlbright, Fuller, 1900-1969. _dAlbright, Fuller, 1900-1969. _6A87796.1 |
|
| 245 | 1 | 4 |
_aThe parathyroid glands and metabolic bone disease : _bselected studies / _cby Fuller Albright and Edward C. Reifenstein, Jr. |
| 260 |
_aBaltimore : _bWilliams & Wilkins, _c1948. |
||
| 500 | _aIncludes index. | ||
| 504 | _aBibliography: p. 312-332. | ||
| 650 | 0 |
_aBones -- Diseases. _xBones -- Diseases. _6S20447.1 |
|
| 650 | 0 |
_aParathyroid glands -- Diseases. _xParathyroid glands -- Diseases. _6S63166.1 |
|
| 650 | 0 |
_aMetabolism -- Disorders. _xMetabolism -- Disorders. _6S8814.1 |
|
| 650 | 2 |
_aBone Diseases, Metabolic _6S63167.1 |
|
| 650 | 2 |
_aCalcium _6S63168.1 |
|
| 650 | 2 |
_aParathyroid Diseases _6S63169.1 |
|
| 700 | 1 |
_aReifenstein, Edward Conrad, 1908- _dReifenstein, Edward Conrad, 1908- _6A87797.1 |
|
| 949 |
_aRD684 _wLC _i-24706 _mMEDICAL _tBOOK _lON-SHELF |
||
| 004 | 24852 | ||
| 999 |
_c44554 _d44554 |
||